<?xml version="1.0" encoding="UTF-8"?><?xml-stylesheet type="text/xsl" href="static/style.xsl"?><OAI-PMH xmlns="http://www.openarchives.org/OAI/2.0/" xmlns:xsi="http://www.w3.org/2001/XMLSchema-instance" xsi:schemaLocation="http://www.openarchives.org/OAI/2.0/ http://www.openarchives.org/OAI/2.0/OAI-PMH.xsd"><responseDate>2026-04-17T01:07:20Z</responseDate><request verb="GetRecord" identifier="oai:www.recercat.cat:2117/446238" metadataPrefix="marc">https://recercat.cat/oai/request</request><GetRecord><record><header><identifier>oai:recercat.cat:2117/446238</identifier><datestamp>2026-02-07T11:28:11Z</datestamp><setSpec>com_2072_1033</setSpec><setSpec>col_2072_452950</setSpec></header><metadata><record xmlns="http://www.loc.gov/MARC21/slim" xmlns:dcterms="http://purl.org/dc/terms/" xmlns:xsi="http://www.w3.org/2001/XMLSchema-instance" xmlns:doc="http://www.lyncode.com/xoai" xsi:schemaLocation="http://www.loc.gov/MARC21/slim http://www.loc.gov/standards/marcxml/schema/MARC21slim.xsd">
   <leader>00925njm 22002777a 4500</leader>
   <datafield ind2=" " ind1=" " tag="042">
      <subfield code="a">dc</subfield>
   </datafield>
   <datafield ind2=" " ind1=" " tag="720">
      <subfield code="a">Schiaroli, Alice</subfield>
      <subfield code="e">author</subfield>
   </datafield>
   <datafield ind2=" " ind1=" " tag="720">
      <subfield code="a">Mata Miquel, Cristian</subfield>
      <subfield code="e">author</subfield>
   </datafield>
   <datafield ind2=" " ind1=" " tag="720">
      <subfield code="a">Scarponi, Giordano Emrys</subfield>
      <subfield code="e">author</subfield>
   </datafield>
   <datafield ind2=" " ind1=" " tag="720">
      <subfield code="a">Habib, Abdel Karim</subfield>
      <subfield code="e">author</subfield>
   </datafield>
   <datafield ind2=" " ind1=" " tag="720">
      <subfield code="a">Kluge, Martin</subfield>
      <subfield code="e">author</subfield>
   </datafield>
   <datafield ind2=" " ind1=" " tag="720">
      <subfield code="a">Ustolin, Federico</subfield>
      <subfield code="e">author</subfield>
   </datafield>
   <datafield ind2=" " ind1=" " tag="720">
      <subfield code="a">Cozzani, Valerio</subfield>
      <subfield code="e">author</subfield>
   </datafield>
   <datafield ind2=" " ind1=" " tag="260">
      <subfield code="c">2025-09-01</subfield>
   </datafield>
   <datafield ind2=" " ind1=" " tag="520">
      <subfield code="a">The fire engulfment of storage tanks of hazardous materials is among the most critical scenarios in hazard assessment of industrial value chains. Laboratory and full-scale experimental trials are used to test the tank performance and integrity in such scenarios. However, strong uncertainties usually affect the actual fire load experienced by the tank, in particular when large-scale experiments are carried out in open test fields. Such uncertainties arise from several factors difficult to control during experimental tests, such as the atmospheric conditions as there is the influence of wind drifts influencing the actual fire engulfment, the flame temperature and the flame dynamic distribution around the target. Consequently, verifying the concordance of an experimental test with standard test criteria and defining accurate boundary conditions in correlated model simulations is challenging. In this study, the development of a novel method for the analysis of fire conditions based on image processing is presented. The approach allows identifying the flame coverage on the target surface during the test and provides an accurate map of the flame distribution on the equipment over time. The approach is tested using experimental data from a full-scale fire test campaign carried out on liquid hydrogen cryogenic tanks. The results prove to be accurate in replicating the experimental temperatures measured on the outer tank shell during the test. The proposed methodology can be used to better understand the results of experimental fire tests and to characterize realistic fire scenarios, also supporting the definition of fire test requirements. Moreover, the approach produces results that can be implemented as advanced space-time-varying boundary conditions in simulation models, improving their accuracy in reproducing real cases.</subfield>
   </datafield>
   <datafield ind2=" " ind1=" " tag="520">
      <subfield code="a">Peer Reviewed</subfield>
   </datafield>
   <datafield ind2=" " ind1=" " tag="520">
      <subfield code="a">Postprint (published version)</subfield>
   </datafield>
   <datafield tag="653" ind2=" " ind1=" ">
      <subfield code="a">Àrees temàtiques de la UPC::Enginyeria química::Biotecnologia</subfield>
   </datafield>
   <datafield tag="653" ind2=" " ind1=" ">
      <subfield code="a">Fire test</subfield>
   </datafield>
   <datafield tag="653" ind2=" " ind1=" ">
      <subfield code="a">Digital image processing</subfield>
   </datafield>
   <datafield tag="653" ind2=" " ind1=" ">
      <subfield code="a">Flame coverage</subfield>
   </datafield>
   <datafield tag="653" ind2=" " ind1=" ">
      <subfield code="a">Fire engulfment</subfield>
   </datafield>
   <datafield tag="653" ind2=" " ind1=" ">
      <subfield code="a">Boundary conditions</subfield>
   </datafield>
   <datafield tag="653" ind2=" " ind1=" ">
      <subfield code="a">Storage tank</subfield>
   </datafield>
   <datafield ind2="0" ind1="0" tag="245">
      <subfield code="a">Digital image processing for the advanced characterization and simulation of experimental fire tests</subfield>
   </datafield>
</record></metadata></record></GetRecord></OAI-PMH>